[Event "Oberliga Nord W 2324"]
[Site "Germany"]
[Date "2024.03.17"]
[Round "7.6"]
[White "Hart, Martin"]
[Black "Koch, Yannick"]
[Result "1/2-1/2"]
[WhiteElo "2063"]
[BlackElo "1982"]
[PlyCount "35"]
[EventDate "2023.10.22"]
[EventType "team-tourn"]
[EventRounds "9"]
[EventCountry "GER"]
[SourceTitle "EXT 2025"]
[Source "ChessBase"]
[SourceDate "2024.10.14"]
[SourceVersion "1"]
[SourceVersionDate "2024.10.14"]
[SourceQuality "1"]
[WhiteTeam "Hellern"]
[BlackTeam "Hameln"]
[WhiteTeamCountry "GER"]
[BlackTeamCountry "GER"]

1. e4 c6 2. d3 d5 3. Nd2 e5 4. Ngf3 Bd6 5. g3 Nf6 6. Bg2 0-0 7. 0-0 Re8 8. b3 a5 9. a4 Nbd7 10. Nh4 Nc5 11. Re1 Bg4 12. Bf3 Bd7 13. Nf1 d4 14. Nf5 Bxf5 15. exf5 e4 16. dxe4 Ncxe4 17. Qd3 Nc5 18. Rxe8+ 1/2-1/2

[Event "Oberliga Nord W 2324"]
[Site "Germany"]
[Date "2024.02.04"]
[Round "5.5"]
[White "Koch, Yannick"]
[Black "Von Estorff, Jacob"]
[Result "0-1"]
[WhiteElo "1982"]
[BlackElo "2182"]
[PlyCount "70"]
[EventDate "2023.10.22"]
[EventType "team-tourn"]
[EventRounds "9"]
[EventCountry "GER"]
[SourceTitle "EXT 2025"]
[Source "ChessBase"]
[SourceDate "2024.10.14"]
[SourceVersion "1"]
[SourceVersionDate "2024.10.14"]
[SourceQuality "1"]
[WhiteTeam "Hameln"]
[BlackTeam "Uelzen Post"]
[WhiteTeamCountry "GER"]
[BlackTeamCountry "GER"]

1. d4 d5 2. c4 e6 3. Nc3 Bb4 4. e3 Nf6 5. Nf3 0-0 6. Bd3 c5 7. 0-0 b6 8. Qe2 Bb7 9. Bd2 Nbd7 10. a3 cxd4 11. exd4 dxc4 12. Bxc4 Bd6 13. Bg5 Bxf3 14. Qxf3 Qc7 15. Bd3 Bxh2+ 16. Kh1 Bd6 17. Rac1 Qd8 18. Ba6 h6 19. Bh4 g5 20. Bg3 Bxg3 21. Qxg3 Qb8 22. Qh3 Qf4 23. Ne2 Qf5 24. Qxf5 exf5 25. f4 g4 26. Ng3 Ne4 27. Nxf5 Ndf6 28. Rfe1 Rad8 29. Kg1 Rfe8 30. Bb5 Re6 31. Bc4 Nd5 32. Nxh6+ Rxh6 33. Rxe4 Rc6 34. f5 b5 35. Rxg4+ Kf8 0-1

[Event "Oberliga Nord W 2223"]
[Site "Germany"]
[Date "2023.05.07"]
[Round "9.4"]
[White "Elgersma, Simon"]
[Black "Koch, Yannick"]
[Result "1-0"]
[WhiteElo "2244"]
[BlackElo "2012"]
[PlyCount "85"]
[EventDate "2022.10.23"]
[EventType "team-tourn"]
[EventRounds "9"]
[EventCountry "GER"]
[SourceTitle "EXT 2025"]
[Source "ChessBase"]
[SourceDate "2024.10.14"]
[SourceVersion "1"]
[SourceVersionDate "2024.10.14"]
[SourceQuality "1"]
[WhiteTeam "Nordhorn Blanke"]
[BlackTeam "Hameln"]
[WhiteTeamCountry "GER"]
[BlackTeamCountry "GER"]

1. e4 c6 2. Nc3 d5 3. Nf3 dxe4 4. Nxe4 Nf6 5. Qe2 Nxe4 6. Qxe4 Nd7 7. Bc4 Nf6 8. Ne5 e6 9. Qe2 b5 10. Bd3 Qc7 11. b3 Bd6 12. Bb2 Bb7 13. 0-0 0-0 14. f4 a6 15. Rf3 c5 16. Rh3 g6 17. Nf3 Bxf3 18. Qxf3 e5 19. Rf1 c4 20. fxe5 Bxe5 21. Bxe5 Qxe5 22. Qxf6 Qxf6 23. Rxf6 cxd3 24. Rxd3 Kg7 25. Rc6 Rfc8 26. Rdd6 a5 27. Kf2 b4 28. c3 bxc3 29. dxc3 Rxc6 30. Rxc6 Rd8 31. Ke2 Re8+ 32. Kd2 Rd8+ 33. Kc2 Re8 34. Rd6 f5 35. b4 axb4 36. cxb4 g5 37. b5 f4 38. b6 g4 39. a4 f3 40. gxf3 gxf3 41. Rd1 Re2+ 42. Kc3 Re3+ 43. Kb4 1-0

[Event "Oberliga Nord W 2223"]
[Site "Germany"]
[Date "2022.12.11"]
[Round "3.4"]
[White "Koch, Yannick"]
[Black "Virag, Attila Aba"]
[Result "0-1"]
[WhiteElo "2076"]
[BlackElo "2276"]
[PlyCount "80"]
[EventDate "2022.10.23"]
[EventType "team-tourn"]
[EventRounds "9"]
[EventCountry "GER"]
[SourceTitle "EXT 2025"]
[Source "ChessBase"]
[SourceDate "2024.10.14"]
[SourceVersion "1"]
[SourceVersionDate "2024.10.14"]
[SourceQuality "1"]
[WhiteTeam "Hameln"]
[BlackTeam "Lister Turm II"]
[WhiteTeamCountry "GER"]
[BlackTeamCountry "GER"]

1. d4 Nf6 2. c4 e6 3. Nc3 c5 4. d5 exd5 5. cxd5 d6 6. e4 g6 7. Nge2 Bg7 8. Ng3 0-0 9. Be2 Nbd7 10. 0-0 a6 11. a4 Re8 12. f3 Rb8 13. Be3 Qc7 14. Qd2 Ne5 15. h3 c4 16. Rfc1 b5 17. axb5 axb5 18. b4 cxb3 19. Nxb5 Qd8 20. Rab1 Bxh3 21. Rxb3 Bd7 22. Rbb1 Bxb5 23. Bxb5 Re7 24. Ne2 Reb7 25. Nd4 Ne8 26. Qe2 Nc7 27. f4 Nxb5 28. Rxb5 Rxb5 29. Nxb5 Nd7 30. Nxd6 Nf6 31. e5 Nxd5 32. Ba7 Nxf4 33. Qc4 Qg5 34. Qxf7+ Kh8 35. Qa2 Ne2+ 36. Kf2 Qf4+ 37. Kxe2 Qxe5+ 38. Kf1 Qf4+ 39. Kg1 Qxc1+ 40. Kf2 Rb2+ 0-1

[Event "Bayern-chI Bank Hofmann 25th"]
[Site "Tegernsee"]
[Date "2022.11.05"]
[Round "1"]
[White "Morawietz, Dieter"]
[Black "Koch, Yannick"]
[Result "1-0"]
[WhiteElo "2388"]
[BlackElo "2083"]
[PlyCount "65"]
[EventDate "2022.11.05"]
[EventType "swiss"]
[EventRounds "9"]
[EventCountry "GER"]
[SourceTitle "CBM 211 Extra"]
[Source "ChessBase"]
[SourceDate "2023.01.31"]
[SourceVersion "1"]
[SourceVersionDate "2023.01.31"]
[SourceQuality "1"]

1. d4 d5 2. c4 e6 3. Nc3 Nf6 4. Bg5 dxc4 5. e3 c5 6. Bxc4 Nc6 7. Nf3 cxd4 8. exd4 Be7 9. 0-0 0-0 10. a3 b6 11. Qd3 Bb7 12. Rad1 Rc8 13. Ba2 Rc7 14. Rfe1 Rd7 15. Bb1 g6 16. Ba2 Re8 17. h4 Kg7 18. Qe3 Ng4 19. Qf4 h5 20. d5 e5 21. Qxf7+ Kxf7 22. dxc6+ Kg7 23. Rxd7 Qc8 24. Rxb7 Qxc6 25. Rxe7+ Rxe7 26. Bxe7 Qd7 27. Bg5 Qd6 28. Ne4 Qd3 29. Nxe5 Qc2 30. Nxg4 hxg4 31. Nf6 Qc5 32. b4 Qc7 33. Ne8+ 1-0

[Event "DSOL 01 Liga Gr-B 1st"]
[Site "Playchess.com INT"]
[Date "2020.07.31"]
[Round "6.2"]
[White "Marcziter, Dmitrii"]
[Black "Koch, Yannick"]
[Result "0-1"]
[WhiteElo "2258"]
[BlackElo "2041"]
[PlyCount "64"]
[EventDate "2020.06.22"]
[EventType "team-tourn (rapid)"]
[EventCountry "GER"]
[SourceTitle "EXT 2021"]
[Source "ChessBase"]
[SourceDate "2020.10.23"]
[SourceVersion "1"]
[SourceVersionDate "2020.10.23"]
[SourceQuality "1"]
[WhiteTeam "Porz SG"]
[BlackTeam "Hameln"]
[WhiteTeamCountry "GER"]
[BlackTeamCountry "GER"]

1. d4 Nf6 2. c4 e6 3. Nf3 d5 4. Nc3 Be7 5. Bg5 0-0 6. e3 b6 7. cxd5 Nxd5 8. Bxe7 Qxe7 9. Rc1 Bb7 10. Bc4 Nd7 11. 0-0 Nxc3 12. Rxc3 c5 13. Bb5 Rfd8 14. Qe2 Bxf3 15. Qxf3 cxd4 16. Rc7 Rac8 17. Rxa7 Qd6 18. Rd1 Ne5 19. Qe4 d3 20. f4 Ng4 21. h3 Qc5 22. hxg4 Qxb5 23. Rd2 h5 24. Qb7 Rc1+ 25. Kf2 Qe8 26. Qxb6 Rc2 27. Ke1 e5 28. f5 e4 29. Qb7 Rdc8 30. g5 Rc1+ 31. Rd1 R8c2 32. Rxc1 d2+ 0-1

[Event "GER Cup Net Final-B U2000"]
[Site "Playchess.com INT"]
[Date "2020.06.06"]
[Round "12"]
[White "Stumpf, Daniel"]
[Black "Koch, Yannick"]
[Result "1-0"]
[WhiteElo "1818"]
[BlackElo "1778"]
[PlyCount "107"]
[EventDate "2020.06.06"]
[EventType "swiss (blitz)"]
[EventRounds "13"]
[EventCountry "GER"]
[SourceTitle "CBM 197 Extra"]
[Source "ChessBase"]
[SourceDate "2020.09.30"]
[SourceVersion "1"]
[SourceVersionDate "2020.09.30"]
[SourceQuality "1"]

1. c4 e6 2. Nc3 d5 3. e3 c5 4. cxd5 exd5 5. d4 Nf6 6. Nf3 Be7 7. b3 Nc6 8. Bb2 Bg4 9. Bb5 0-0 10. 0-0 cxd4 11. exd4 Bxf3 12. Qxf3 Nxd4 13. Qd3 Nxb5 14. Nxb5 a6 15. Nd4 Rc8 16. Rfe1 Bb4 17. Re2 Re8 18. Rxe8+ Qxe8 19. Nf5 Qe6 20. Rd1 Re8 21. h3 Bc5 22. Bxf6 Qxf6 23. Qxd5 Bb6 24. Qd7 Qe6 25. Qxe6 Rxe6 26. Rd7 g6 27. Nh6+ Kg7 28. Nxf7 Re1+ 29. Kh2 Bxf2 30. Ne5+ Kh6 31. Ng4+ Kg5 32. Nxf2 Re2 33. Rd5+ Kh6 34. Ng4+ Kg7 35. Rd7+ Kf8 36. Rxh7 Rxa2 37. Rxb7 Ra3 38. b4 Ra4 39. Rb6 Kf7 40. Ne5+ Ke7 41. Nxg6+ Kd7 42. Ne5+ Kc7 43. Rg6 Rxb4 44. Rxa6 Re4 45. Ng4 Kd7 46. Nf6+ Ke7 47. Nxe4 Kf7 48. h4 Kg7 49. Kh3 Kh7 50. Kg4 Kg7 51. Kg5 Kh7 52. Ra7+ Kh8 53. Kg6 Kg8 54. Ra8# 1-0

[Event "GER Cup Net V4 U2000"]
[Site "Playchess.com INT"]
[Date "2020.05.31"]
[Round "1"]
[White "Koch, Yannick"]
[Black "Nagy, Zoltan1"]
[Result "1-0"]
[WhiteElo "1810"]
[BlackElo "1632"]
[PlyCount "77"]
[EventDate "2020.05.31"]
[EventType "swiss (blitz)"]
[EventRounds "9"]
[EventCountry "GER"]
[SourceTitle "EXT 2021"]
[Source "ChessBase"]
[SourceDate "2020.10.23"]
[SourceVersion "1"]
[SourceVersionDate "2020.10.23"]
[SourceQuality "1"]

1. d4 Nf6 2. c4 g6 3. Nc3 d5 4. Nf3 Bg7 5. e3 0-0 6. Qb3 dxc4 7. Bxc4 h6 8. 0-0 a6 9. a4 Nc6 10. a5 Rb8 11. Rd1 Qd6 12. e4 Qb4 13. e5 Qxb3 14. Bxb3 Ne8 15. h3 Bf5 16. Bf4 Rc8 17. d5 Nb4 18. g4 Bc2 19. Bxc2 Nxc2 20. Ra4 g5 21. Bg3 b6 22. Rd2 b5 23. Re4 b4 24. Rxc2 bxc3 25. Rxc3 Rb8 26. b3 Rb5 27. Rd3 Rxa5 28. Rc4 e6 29. d6 cxd6 30. exd6 Rd5 31. Rxd5 exd5 32. Rc8 Nf6 33. Rc6 Ra8 34. Nd4 Ne4 35. Nf5 Bf6 36. Kg2 Kh7 37. f3 Nc3 38. d7 Kg6 39. Rc8 1-0